[Event "Malgrat del Mar op"]
[Site "Malgrat del Mar"]
[Date "1997.04.26"]
[Round "6"]
[White "Castro Valhondo, Fabian"]
[Black "Martos Frigola, David"]
[Result "0-1"]
[WhiteElo "1900"]
[BlackElo "1960"]
[PlyCount "24"]
[EventDate "1997.??.??"]
[EventType "swiss"]
[EventRounds "9"]
[EventCountry "ESP"]
[SourceTitle "EXT 2003"]
[Source "ChessBase"]
[SourceDate "2002.11.25"]
[SourceVersion "1"]
[SourceVersionDate "2002.11.25"]
[SourceQuality "1"]

1. e4 e5 2. Nf3 Nc6 3. Nc3 Nf6 4. Bb5 Bc5 5. Bxc6 dxc6 6. 0-0 Bg4 7. h3 Bh5 8. g4 Bg6 9. Nxe5 Qd6 10. Nxg6 Qg3+ 11. Kh1 Qxh3+ 12. Kg1 hxg6 0-1

[Event "Malgrat del Mar op"]
[Site "Malgrat del Mar"]
[Date "1997.04.19"]
[Round "5"]
[White "Santos Ramos, Carlos"]
[Black "Castro Valhondo, Fabian"]
[Result "1-0"]
[WhiteElo "2065"]
[BlackElo "1900"]
[PlyCount "74"]
[EventDate "1997.??.??"]
[EventType "swiss"]
[EventRounds "9"]
[EventCountry "ESP"]
[SourceTitle "EXT 2003"]
[Source "ChessBase"]
[SourceDate "2002.11.25"]
[SourceVersion "1"]
[SourceVersionDate "2002.11.25"]
[SourceQuality "1"]

1. e4 e5 2. f4 exf4 3. Nf3 Nf6 4. e5 Nd5 5. c4 Nb6 6. d4 d6 7. Bxf4 dxe5 8. Nxe5 Bd6 9. Be2 Bxe5 10. Bxe5 f6 11. Bg3 0-0 12. 0-0 Be6 13. d5 Bf7 14. Nc3 a6 15. b3 Bg6 16. Bf3 Qe7 17. Rc1 Re8 18. d6 cxd6 19. Bxd6 Qd7 20. c5 Nc8 21. Qd5+ Kh8 22. Qxb7 Qxb7 23. Bxb7 Ra7 24. Bxc8 Rxc8 25. Nd5 Nc6 26. Rfe1 Re8 27. Rxe8+ Bxe8 28. Re1 Bf7 29. Ne7 Nxe7 30. Bxe7 Ra8 31. c6 Rc8 32. Rc1 Bd5 33. c7 Kg8 34. Bd8 Kf7 35. Rc5 Be4 36. Ra5 Bd3 37. Rd5 Kg6 1-0

[Event "Malgrat del Mar op"]
[Site "Malgrat del Mar"]
[Date "1997.04.12"]
[Round "4"]
[White "Castro Valhondo, Fabian"]
[Black "Angelats Morato, Rafael"]
[Result "0-1"]
[WhiteElo "1900"]
[BlackElo "2105"]
[PlyCount "66"]
[EventDate "1997.??.??"]
[EventType "swiss"]
[EventRounds "9"]
[EventCountry "ESP"]
[SourceTitle "EXT 2003"]
[Source "ChessBase"]
[SourceDate "2002.11.25"]
[SourceVersion "1"]
[SourceVersionDate "2002.11.25"]
[SourceQuality "1"]

1. e4 Nf6 2. Nc3 d5 3. e5 Ne4 4. Nxe4 dxe4 5. f3 Qd5 6. fxe4 Qxe4+ 7. Qe2 Qxc2 8. d4 Qxe2+ 9. Bxe2 Nc6 10. Bb5 Bd7 11. Bxc6 Bxc6 12. Nf3 e6 13. 0-0 Be7 14. Ng5 0-0 15. Be3 Rad8 16. Rad1 Rd7 17. b3 h6 18. Nf3 Bxf3 19. Rxf3 c5 20. Rg3 Kh7 21. Bf2 cxd4 22. Rxd4 Rxd4 23. Bxd4 Rd8 24. Rg4 Rxd4 25. Rxd4 Bc5 26. Kf2 Bxd4+ 27. Kf3 Bxe5 28. g3 f5 29. a4 g5 30. b4 Bd4 31. h3 e5 32. g4 e4+ 33. Ke2 f4 0-1